Countries Mentioned in "International Love" - Statistics

General Stats
  • This quiz has been taken 56 times
  • The average score is 3 of 7
Answer Stats
Country % Correct
Brazil
92%
Colombia
64%
Lebanon
46%
Cuba
41%
Greece
36%
Venezuela
36%
Romania
31%
No matching quizzes found
Score Distribution
Percent of People with Each Score
Percentile by Number Answered
Your Score History
You have not taken this quiz